01433cam a22003494a 4500952016000000999001700160001000900177003000400186005001700190008004100207010001700248020002800265040001800293042000800311050002700319082002000346100002700366245012300393260003600516300003900552490005900591504005100650650001700701650002300718650002600741700002700767700003000794830007700824856009100901906004500992942004601037 00102ddc40708FORaMESbMEScFOR d2022-01-05e41g580.00l9m15o363.2562 JAM/Pp41342r2026-01-21 15:26:31s2025-11-11v580.00w2022-01-05yBKzGL51R2 c41393d4139313812731OSt20220103133636.0041213s2005 flua b 001 0 eng  a 2004062860 a0849320143 (alk. paper) aDLCcDLCdDLC apcc00aHV8077.5.B56bJ35 200500a363.2562bJAM/P1 aJames, Stuart H.9895610aPrinciples of bloodstain pattern analysis :btheory and practice /cStuart H. James, Paul E. Kish, T. Paulette Sutton. aBoca Raton, Fla. :bCRC,c2005. axxx, 542 p. :bcol. ill. ;c26 cm.1 aPractical aspects of criminal & forensic investigation aIncludes bibliographical references and index. 0aBloodstains. 0aForensic serology. 0aCrime scene searches.1 aKish, Paul Erwin989571 aSutton, T. Paulette98958 0aCRC series in practical aspects of criminal and forensic investigations.423Publisher descriptionuhttp://www.loc.gov/catdir/enhancements/fy0646/2004062860-d.html a7bcbccorignewd1eocipf20gy-gencatlg 2ddccBKh363.2562iJAM/Pk363.2562mJAM/P